000
00302nam a2200109 4500
008
180217b xxu||||| |||| 00| 0 eng d
245
_a
Mystery disease kills 30 children in Myanmar.
260
_a
Philippines
_b
Manila Bulletin
_c
c2016
300
_a
page 8.
650
0
_9
26605
_a
Diseases.
942
_2
ddc
_c
PER
999
_c
8716
_d
8716